00788nam a2200169Ia 4500008004100000020001500041050002200056100003500078245012900113260006200242300001700304500003600321505018000357650001600537650002900553700003600582120626s1987 mx 000 0 spa d a9684093535 aLB1027 bC43 1987 aChávez Maury, Alfonsoeautor aEl proceso enseñanza aprendizaje y su didáctica b: Guía básica c/ Alfonso, Chávez Maury: Cecilia, Medina Gómez aMéxicob: Editores Asociados Mexicanos (EDAMEX)c, 1987 a63 páginas aIncluye: Anexos, Bibliografía a1. Elementos para la fundamentación del programa Objetivos del aprendizaje Contenido temático 2. Elementos para la planeación La realización La evaluación  0aENSEÑANZA 0aDIDÁCTICAxEDUCACIÓN aMedina Gómez, Cecilia,eautor